| 000 | 00611nam a2200193 a 4500 | ||
|---|---|---|---|
| 005 | 20260221063936.0 | ||
| 008 | 991125s1987 mx 000 0 spa u | ||
| 035 | _aUPN01000000512 | ||
| 049 | _aCG | ||
| 050 | 4 |
_aLB42 _bL6.3 |
|
| 100 | 1 |
_aLópez y Mota, Ángel Daniel _929076 |
|
| 245 | 1 | 3 |
_aLa actividad en las aulas : _bun punto psicogenético / _cAngel D. López y Mota. |
| 260 |
_aMéxico : _bUPN, _c1987. |
||
| 300 | _a147 p. | ||
| 440 | 0 |
_aCuadernos de cultura pedagógica. _pInvestigacion educativa ; _v6 |
|
| 650 | 4 |
_aEducación _xFilosofía _94994 |
|
| 650 | 4 |
_aPsicología genética _94967 |
|
| 905 | _aLibro | ||
| 999 |
_c512 _d512 |
||